| Tag |
First Indicator |
Second Indicator |
Subfields |
| LEADER |
00000cam a2200000 4500 |
| 001 |
in00000009743 |
| 005 |
20151007051541.0 |
| 008 |
741120s1898 oncacf b 00110 eng |
| 010 |
|
|
|a 06025002
|
| 035 |
|
|
|a (OCoLC)01082014
|
| 035 |
|
|
|9 AAA3567AM
|
| 040 |
|
|
|a DLC
|c IAU
|d TXA
|d UtOrBLW
|
| 049 |
|
|
|a TXAM
|c [A11029608]
|
| 050 |
|
4 |
|a VM615
|b .C94
|
| 100 |
1 |
|
|a Croil, James,
|d 1821-1916.
|
| 245 |
1 |
0 |
|a Steam navigation :
|b and its relation to the commerce of Canada and the United States /
|c by James Croil.
|
| 264 |
|
1 |
|a Toronto :
|b W. Briggs,
|c 1898.
|
| 300 |
|
|
|a 381 pages, 11 unnumbered leaves of plates :
|b illustrations, portraits ;
|c 20 cm.
|
| 336 |
|
|
|a text
|b txt
|2 rdacontent
|
| 337 |
|
|
|a unmediated
|b n
|2 rdamedia
|
| 338 |
|
|
|a volume
|b nc
|2 rdacarrier
|
| 504 |
|
|
|a Includes bibliographical references and index.
|
| 650 |
|
0 |
|a Steam-navigation.
|
| 999 |
|
|
|a MARS
|
| 999 |
f |
f |
|s 29defb02-cb76-3be4-a6cc-8e535de04276
|i 79d28e82-35bd-3aa2-91ce-b29853f06e3f
|t 0
|
| 952 |
f |
f |
|p ric
|a Texas A&M University
|b Rellis Campus
|c Joint Library Facility
|s JLF
|d Remote Storage
|t 0
|e VM615 .C94
|h Library of Congress classification
|i unmediated -- volume
|m A14811029608
|
| 998 |
f |
f |
|a VM615 .C94
|t 0
|l Remote Storage
|